000 00936cam a22002175a 4500
001 L140789
008 071011s1921 xxk eng u
035 _a(Sirsi) u140789
041 0 _aeng
110 2 _aKnight Frank and Rutley
_91990
245 0 0 _aParticulars, plans and conditions of sale of the following important freehold properties
_bthe Empire Theatre, Leicester Square, the Queen's Hotel...and the corner vacant site including nos. 40 and 41 Lisle Street and 10, 11, 12, 13 Leicester Place...to be sold by auction...by Messrs. Knight, Frank and Rutley...on Tuesday the 26th day of April 1921...
250 _a1st ed.
260 _aS.l.
_bs.n.
_c[1921]
300 _a1 v.
_bill., col. map
_c32 cm.
340 _aPrinted
351 _cSingle item
500 _aIncludes colour fold-out plan.
651 4 _aLondon
690 _aPROPERTY-PROPERTY ACQUISITION AND DISPOSAL-ACQUISITION AND DISPOSAL AT AUCTION
942 _n0
999 _c116483
_d116483